000
00316nam a22001337a 4500
008
181207b xxu||||| |||| 00| 0 eng d
020
_a
0879097094
041
_a
eng
080
_2
2nd
_a
610
100
_a
4
101
_a
SHM
245
_a
Respiratory technology a procedure manual
_c
Hunsinger,D.I
942
_2
udc
_c
BK
999
_c
53036
_d
53036